Youtube catchphrases and memes - Statistics

General Stats
  • This quiz has been taken 512 times
  • The average score is 6 of 13
Answer Stats
Phrases Answer % Correct
Ain`t nobody got ____ for that! time
94%
Never gonna _____. Never gonna let you down. give you up
80%
_____ bit my finger! Charlie
74%
I came in like a ___ ___! I never hit so hard in love.. wrecking ball
72%
JUST DO IT! Nothing is ________. impossible
63%
You underestimate my _____! power
63%
Hide your kids, hide your ____! wife
60%
______ rain. Some stay dry and others feel the pain. Chocolate
34%
Look at my ____. My _____ is amazing.. (the same word) horse
17%
Go super ____ saiyan
17%
___ ___ all the way...Oh my god.. Double rainbow
10%
Badger badger badger badger _____! snake
9%
Baby do you dare to do this? Cause I’m coming at you like a __ ___ Dark hourse
2%
No matching quizzes found
Score Distribution
Percent of People with Each Score
Percentile by Number Answered
Your Score History
You have not taken this quiz